000
00308nam a2200133Ia 4500
008
220204s9999 xx 000 0 und d
082
_a
NR:62:006.73
_b
SMR
100
_a
Sekaran Nair
245
0
_a
SMR and its control
250
_a
Ed.2
260
_a
Kuala Lumpur
_b
RRIM
_c
1972
650
_a
SMR
942
_c
BK
999
_c
40160
_d
40160